|
|
|
|
| LEADER |
01068nam a2200241 a 4500 |
| 001 |
c000171975 |
| 003 |
CARM |
| 005 |
20020116171327.0 |
| 008 |
730227s1968 quc eng d |
| 019 |
1 |
|
|a 21894645
|5 LACONCORD2021
|
| 035 |
|
|
|a (OCoLC)565432
|5 LACONCORD2021
|
| 040 |
|
|
|a VU
|b eng
|d CStRLIN
|d VU
|
| 245 |
0 |
0 |
|a Preliminary report on the "Ice drift study" in the Gulf of St. Lawrence, winter 1968 /
|c by O. M. Johannessen ... [et al.].
|
| 260 |
|
|
|a [Montreal] :
|b Ice Research Project, MacDonald Physics Laboratory, McGill University,
|c [1968?]
|
| 300 |
|
|
|a 21 p. :
|b ill. ;
|c 28 cm.
|
| 500 |
|
|
|a "Report S-13".
|
| 504 |
|
|
|a Includes bibliographical references (p. 21)
|
| 650 |
|
0 |
|a Sea ice drift
|z Saint Lawrence, Gulf of.
|
| 700 |
1 |
0 |
|a Johannessen, Ola M.
|
| 710 |
2 |
|
|a MacDonald Physics Laboratory.
|b Ice Research Project.
|
| 852 |
8 |
|
|b CARM
|h A3:AD35C0
|i D06716
|p 0236812
|f BK
|
| 999 |
f |
f |
|i eec0898d-876f-5b13-8316-3f407deb0ceb
|s 16a11856-5d78-5ff9-af6d-5e84f2a6016c
|
| 952 |
f |
f |
|p Can circulate
|a CAVAL
|b CAVAL
|c CAVAL
|d CARM 1 Store
|e D06716
|f A3:AD35C0
|h Other scheme
|i book
|m 0236812
|